000 00595nam a2200229Ia 4500
003 OSt
005 20221005125900.0
006 a|||||r|||| 00| 0
007 ta
008 221004b |||||||| |||| 00| 0 eng d
024 _a67105
037 _cTextual
040 _aCRL
_cCRL
_beng
041 _2eng
_aeng
082 _aV3:8-221:N02<-M01, K8-;1
245 0 _aPrime Minister's papers 1801-1902
260 _c1968
490 _aHistorical manuscripts commission.
650 _aHISTORY
942 _hV3:8-221:N02<-M01, K8-;1
_cTEXL
_2cc
999 _c1055390
_d1055390